Datum a čas kvízu
26
Celkem bodů
Celkový počet nahraných bodů na tomto kvízu bez doplňovacích otázek.
3.
Pořadí na kvízu
Konečné umístění týmu na tomto kvízu.
Zaznamenané odpovědi
| # | Otázka | Odpověď | Body | Výsledky |
|---|---|---|---|---|
| 1. | Do aplikace eRecept přibyla od... | ověření dostupnosti předepsaného léku | 0 | |
| 2. | Kanaďan Nick Chowdhury před 33... | A | 0 | |
| 3. | Ve kterém městě začal minulý t... | ve Zlíně | 1 | |
| 4. | Kvůli nařízení Evropské unie t... | Alfa Romeo | 1 | |
| 5. | V pondělí se v anglickém Brock... | sýr | 1 | |
| 6. | Kterým výrazem na písmeno M se... | mixologie | 0 | |
| 7. | Ernest Hemingway měl údajně v... | Daiquiri | 0 | |
| 8. | Oblíbenou složkou míchaných ná... | pomeranči | 0 | |
| 9. | Hlavní hrdina filmu Big Lebows... | White Russian (Bílý Rus, Bílý medvěd) | 0 | |
| 10. | V poslední otázce se podíváme... | vaječný likér; griotku | 0.5 |